Color Atlas of Medical Bacteriology (Record no. 77994)

MARC details
000 -LEADER
fixed length control field 00327pam a2200145 a 4500
020 ## - INTERNATIONAL STANDARD BOOK NUMBER
Terms of availability
041 ## - LANGUAGE CODE
Language code of text/sound track or separate title eng
082 ## - DEWEY DECIMAL CLASSIFICATION NUMBER
Classification number 616.9201
Item number DEL
100 ## - MAIN ENTRY--PERSONAL NAME
Personal name Dela Maza .
245 ## - TITLE STATEMENT
Title Color Atlas of Medical Bacteriology
Medium Textual Documents
250 ## - EDITION STATEMENT
Edition statement 2013.
260 ## - PUBLICATION, DISTRIBUTION, ETC.
Place of publication, distribution, etc. [s.l]:
Name of publisher, distributor, etc. ASM Press .
300 ## - PHYSICAL DESCRIPTION
Extent 353p.
930 ## - EQUIVALENCE OR CROSS-REFERENCE-UNIFORM TITLE HEADING [LOCAL, CANADA]
Uniform title 1069
Holdings
Withdrawn status Lost status Damaged status Not for loan Collection Home library Current library Date acquired Source of acquisition Cost, normal purchase price Total Checkouts Full call number Barcode Date last seen Copy number Price effective from Koha item type
          Yashwantrao Mohite College of Arts, Science And Commerce, Pune Yashwantrao Mohite College of Arts, Science And Commerce, Pune 16/02/2021 Bharati Sahakari Madhyavarti Grahak Bhandar 12529.40   616.9201 DEL YMP-21912 24/02/2023 1 24/02/2023 Book